LEADER 01079nam0 22002891i 450 001 UON00519957 005 20231205105540.85 010 $a03-930929-0-9 100 $a20231114d1974 |0itac50 ba 101 $aita 102 $aIT 105 $a|||| ||||| 200 1 $aAnthropology$fEric R. Wolf 210 $aNew York$cNorton & Company$d1974 215 $aXIII, 113 p.$d20 cm 316 $aDonazione prof.ssa Amalia Signorelli$5IT-UONSI F. Signorelli5 I1489 606 $aAntropologia$3UONC065738$2FI 620 $aUS$dNew York$3UONL000050 676 $a301$cSociologia e antropologia$v21 700 1$aWOLF$bEric R.$3UONV030801$0143502 712 $aNorton & Company$3UONV252598$4650 801 $aIT$bSOL$c20250606$gRICA 899 $aSIBA - SISTEMA BIBLIOTECARIO DI ATENEO$2UONSI 912 $aUON00519957 950 $aSIBA - SISTEMA BIBLIOTECARIO DI ATENEO$dSI F. Signore5 I 1489 $eSI 47414 5 Donazione prof.ssa Amalia Signorelli 996 $aAnthropology$93905155 997 $aUNIOR